000 01029nas a2200325 4500
001 BR2013001453
003 BR-BrBNA
005 20231205121946.0
007 ta
008 230509b bl.|||p| |||| 00| 00por d
040 _aBR-BrBNA
_bpor
_cBiblioteca Nacional de Agricultura
041 _a(Pt)
072 _aF04; F08; F61
100 1 _aSilva, E.M. da
100 1 _aLima, C.J.G. de S.
100 1 _aDuarte, S.N.
100 1 _aBarbosa, F. da S.
100 1 _aMaschio, R.
245 1 _aNíveis de salinidade e manejo da fertirrigação sobre características da berinjela cultivada em ambiente protegido
650 _aBERINJELA
650 _aFERTIRRIGAÇÃO
650 _aCULTIVO PROTEGIDO
650 _aSALINIDADE
650 _aABSORÇÃO DE NUTRIENTES
650 _aPRODUTIVIDADE
650 _aMÉTODO ESTATÍSTICO
773 0 _tRevista Ciência Agronômica (Brazil)
_xISSN 0045-6888
_g(jan-mar 2013), v. 44(1) p. 150-158
_wBR2013001453
909 _a202311
_bLúcia
_c55
_dLúcia Elande
942 _2AGRIS
_n0
_cANA
999 _c226147
_d226147